Piaget y la psicología. (Record no. 14878)

MARC details
000 -LEADER
campo de control de longitud fija 00802nam a2200205 i 4500
001 - NÚMERO DE CONTROL
campo de control 14878
003 - IDENTIFICADOR DE NÚMERO DE CONTROL
campo de control ES-MaACL
005 - FECHA Y HORA DE LA ÚLTIMA TRANSACCIÓN
campo de control 20251013212815.0
007 - CAMPO FIJO DE DESCRIPCIÓN FÍSICA--INFORMACIÓN GENERAL
campo de control de longitud fija t|
008 - DATOS DE LONGITUD FIJA--INFORMACIÓN GENERAL
campo de control de longitud fija 990625s1996 sp ||||1| spa d
080 ## - NÚMERO DE LA CLASIFICACIÓN DECIMAL UNIVERSAL
Número de la Clasificación Decimal Universal 159.9 Piaget, Jean
245 00 - MENCIÓN DEL TÍTULO
Título Piaget y la psicología.
260 ## - PUBLICACIÓN, DISTRIBUCIÓN, ETC.
Lugar de publicación, distribución, etc. Madrid :
Nombre del editor, distribuidor, etc. Colegio Oficial de Psicólogos de Madrid,
Fecha de publicación, distribución, etc. 1996.
300 ## - DESCRIPCIÓN FÍSICA
Extensión p. 128-271 ;
Dimensiones 24 cm.
500 ## - NOTA GENERAL
Nota general Especial monográfico de "Psicología Evolutiva" : revista de los psicólogos de la educación con motivo de la Semana Jean Piaget, 18-22 de Noviembre de 1996.
600 14 - PUNTO DE ACCESO ADICIONAL DE MATERIA--NOMBRE DE PERSONA
Nombre de persona Piaget, Jean,
Fechas asociadas al nombre 1896-1980-
Subdivisión general Crítica e interpretación
9 (RLIN) 91739
710 2# - ENTRADA AGREGADA--NOMBRE DE ENTIDAD CORPORATIVA
Nombre de entidad corporativa o nombre de jurisdicción como elemento de entrada Colegio Oficial de Psicólogos (España).
Unidad subordinada Delegación de Madrid.
9 (RLIN) 2978
852 ## - LOCALIZACIÓN
Ubicación ES-MaACL
Número de control de estantería L-22095
Sublocalización o colección R.127360
Holdings
Estatus retirado Estado de pérdida Estado de daño No para préstamo Biblioteca de origen Biblioteca actual Ubicación en estantería Fecha de adquisición Fuente de adquisición Total de préstamos Signatura topográfica completa Código de barras Visto por última vez Precio de reemplazo Tipo de ítem Koha
        Biblioteca del Ateneo de Madrid Biblioteca del Ateneo de Madrid Depósito 2 17/01/2008     L-22095 1015129 23/02/2023 23/02/2023 Libro impreso